000 00702nam a2200217 i 4500
001 84911
003 ES-MaACL
005 20230906175135.0
007 t|
008 041124s1956 sp ||||1| spa d
100 1 _aJerie, G. D.
_966339
245 1 0 _aElementos de máquinas
_b: máquinas elevadores /
_cpor G.D. Jerie, W. Heepke.
250 _a3ª ed.
260 _aBarcelona :
_bLabor,
_c1956 (
_fTall. Graf. Ibero-Americanos)
300 _a2 v. :
_bil. ;
_c22 cm.
490 1 _aLa escuela del técnico mecánicoista ;
_v4
700 1 _aHeepke, W.
_962305
830 0 _aLa escuela del técnico mecánicoista ;
_v4
_9231681
852 _aES-MaACL
_jC-10985-6
_bR.39052
999 _c84911
_d84911